000
00213 a2200097 4500
001
30445
100
_a
PAF Kohat
245
_a
English training notes
260
_a
Kohat
_b
PAF Base Kohat
_c
090
_c
20389
_d
20389
942
_a
NUST-CAE
_c
M
_c
11546
999
_c
265518
_d
265518